Postacie serialu Ranczo - Statystyki

Ogólne statystyki
  • Ten quiz został rozwiązany 314 razy
  • Średni wynik to 42 z 56
Statystyki odpowiedzi
Obrazkowy Odpowiedź % Poprawnych
Jakub Sokołowski
100%
Paweł Kozioł
100%
Piotr Kozioł
100%
Lucy Wilska
99%
Arkadiusz Czerepach
96%
Kazimiera Solejukowa
96%
Maciej Solejuk
96%
Michałowa
96%
Patryk Pietrek
96%
Halina Kozioł
95%
Stanisław Japycz
92%
Tadeusz Hadziuk
91%
Leokadia Czerepach
90%
Wioletta Kotecka
90%
Zofia
90%
Fabian Duda
89%
Klaudia Kozioł
89%
Krystyna Więcławska
89%
Celina Hadziuk
88%
Andrzej Więcławski
86%
Mieczysław Wezół
86%
Stanisław Kotecki
86%
Jolanta Pietrek
84%
Wiesława Oleś
84%
Kinga
83%
Dorota Wezół
82%
Jan Japycz
82%
Ksiądz Maciej
82%
Tomasz Witebski
82%
Ksiądz Robert
80%
Dorota Sokołowska
78%
Francesca Witebska
78%
Ryszard Polakowski
76%
Kao
74%
Katarzyna Solejuk
74%
Monika Korczab
71%
Waldemar Myćko
70%
Grzegorz Wargacz
69%
Marian Solejuk
69%
Jagna Nowak
66%
Wargaczowa
66%
Szymon Solejuk
64%
Wacław Sądecki
60%
Myćkowa
57%
Półkot
57%
Weronika Więcławska
57%
Radny Kusiba
56%
Paweł
52%
Grażyna
49%
Jakub
47%
Weronika
45%
Łukasz
39%
Radny Bartkowiak
37%
Zofia
36%
Jan Solejuk
34%
Ryszard Solejuk
14%
Nie znaleziono quizów pasujących do podanych kryteriów
Rozkład punktacji
Procent ludzi z każdym wynikiem
Percentyl według liczby udzielonych odpowiedzi
Twoja historia wyników
Nie rozwiązałeś tego quizu